|
|
|
|
| LEADER |
00000nam0a2200000 4500 |
| 001 |
161266 |
| 005 |
20231101222237.0 |
| 035 |
|
|
|a (RuTPU)RU\TPU\book\174879
|
| 090 |
|
|
|a 161266
|
| 100 |
|
|
|a 20090605d1965 m y0rusy50 ca
|
| 101 |
0 |
|
|a rus
|
| 102 |
|
|
|a RU
|
| 105 |
|
|
|a a z 001zy
|
| 200 |
1 |
|
|a Техника безопасности при производстве химических волокон
|f М. А. Артеменков
|
| 210 |
|
|
|a Москва
|c Химия
|d 1965
|
| 215 |
|
|
|a 148 с.
|c ил.
|
| 320 |
|
|
|a Библиогр.: с. 148.
|
| 606 |
|
|
|a Искусственные волокна из целлюлозы
|2 stltpush
|3 (RuTPU)RU\TPU\subj\13169
|9 39822
|
| 610 |
1 |
|
|a химические волокна
|
| 610 |
1 |
|
|a производство
|
| 610 |
1 |
|
|a техника безопасности
|
| 610 |
1 |
|
|a целлофан
|
| 610 |
1 |
|
|a сероуглерод
|
| 610 |
1 |
|
|a ацетатная нить
|
| 610 |
1 |
|
|a капроновое волокно
|
| 675 |
|
|
|a 677.46
|v 3
|
| 700 |
|
1 |
|a Артеменков
|b М. А.
|g Михаил Алексеевич
|
| 801 |
|
1 |
|a RU
|b 63413507
|c 20090605
|g PSBO
|
| 801 |
|
2 |
|a RU
|b 63413507
|c 20180118
|g RCR
|
| 942 |
|
|
|c BK
|